| 000 | 00439pab a2200145 454500 | ||
|---|---|---|---|
| 008 | 180718b2006 xxu||||| |||| 00| 0 eng d | ||
| 100 | _aLamothe, Scott | ||
| 245 | _aThe dynamics of local service delivery arrangements and the role of nonprofits | ||
| 260 | _c2006 | ||
| 300 | _ap.769-97. | ||
| 650 | _aNonprofit organizations | ||
| 700 | _aLamothe, Meeyoung | ||
| 773 | _aInternational Journal of Public Administration | ||
| 909 | _a71398 | ||
| 999 |
_c71398 _d71398 |
||